000 00310nam a2200133Ia 4500
005 20260328101446.0
008 260328s9999||||xx |||||||||||||| ||und||
100 _aJovanovich, Brace
245 0 _aBosch/Bruegel /
_cBrace Jovanovich
260 _bHarcourt
300 _a122 p.
650 _aPINTURA
942 _cBK
999 _c8479
_d8479